| 000 | 00000cam 2200000zi 4500 |
| 001 | 9.963255 |
| 003 | CaOODSP |
| 005 | 20260603080234 |
| 006 | m o d f |
| 007 | cr bn||||||||| |
| 008 | 260602e20260602onc ol f000 0 eng d |
| 040 | |aCaOODSP|beng|erda|cCaOODSP |
| 041 | 0 |aeng|afre |
| 043 | |an-cn--- |
| 086 | 1 |aXB451-278/1-PDF |
| 110 | 1 |aCanada. |bParliament. |bHouse of Commons, |eissuing body. |
| 245 | 13|aAn Act to amend the Parliament of Canada Act = |bLoi modifiant la Loi sur le Parlement du Canada. |
| 246 | 11|aLoi modifiant la Loi sur le Parlement du Canada |
| 264 | 1|a[Ottawa] : |bHouse of Commons of Canada = Chambre des communes du Canada, |cJune 2, 2026. |
| 300 | |a1 online resource (ii, 2 pages). |
| 336 | |atext|btxt|2rdacontent |
| 337 | |acomputer|bc|2rdamedia |
| 338 | |aonline resource|bcr|2rdacarrier |
| 490 | 1 |aBill C-... ; |vBill C-278, 1st Session, 45th Parliament |
| 500 | |a"First Session, Forty-fifth Parliament, 3-4 Charles III, 2025-2026." |
| 500 | |a"First reading, June 2, 2026." |
| 500 | |a"Mr. Davies (Vancouver Kingsway)." |
| 520 | |a"This enactment amends the Parliament of Canada Act to provide that a member's seat in the House of Commons is vacated and a by-election called for that seat if the member, having been elected to the House as a member of a registered party or as an independent, changes parties or becomes a member of a party, as the case may be"--Summary, page ii. |
| 546 | |aText in English and French. |
| 610 | 10|aCanada. |tParliament of Canada Act. |
| 650 | 0|aParliamentary practice|zCanada. |
| 650 | 0|aLegislative amendments|zCanada. |
| 650 | 0|aSpecial elections|zCanada. |
| 655 | 7|aLegislative bills|2lcgft |
| 788 | |tAn Act to amend the Parliament of Canada Act = |efre|w(CaOODSP)9.963256 |
| 830 | #0|aBill C-...|vBill C-278, 1st Session, 45th Parliament.|w(CaOODSP)9.500659 |
| 856 | 40|qPDF|s130 KB|uhttps://publications.gc.ca/collections/collection_2026/parl/XB451-278-1.pdf |
| 856 | 4 |qHTML|sN/A|uhttps://www.parl.ca/DocumentViewer/en/45-1/bill/C-278/first-reading |
| 986 | |a451186 |